Elenca la formazione - Quiz n°297 - Statistics

Statistiche generali
  • Questo quiz è stato fatto 13 volte
  • Il punteggio medio è 3 su 11
Statistiche sulle risposte
Ruolo Club dell'epoca Calciatore % Corretto
Portiere Bayern Monaco Oliver Kahn
92%
Centrocampista Bayern Monaco Michael Ballack
54%
Difensore Stoccarda Philipp Lahm
54%
Centrocampista Bayern Monaco Bastian Schweinsteiger
46%
Centrocampista Bayer Leverkusen Bernd Schneider
23%
Centrocampista Borussia Dortmund Torsten Frings
23%
Difensore Hertha Berlino Arne Friedrich
15%
Mediano Liverpool Dietmar Hamann
15%
Difensore Bayer Leverkusen Jens Nowotny
8%
Attaccante Stoccarda Kevin Kuranyi
8%
Difensore Borussia Dortmund Christian Wörns
0%
Nessun quiz corrispondente trovato
Distribuzione punteggi
Percentuale di utenti per punteggio
Percentile per numero di risposta
I tuoi punteggi nel tempo
Non hai fatto questo quiz